Wwe hall of famers - Statistics

General Stats
  • This quiz has been taken 15 times
  • The average score is 40 of 177
Answer Stats
Hint Answer % Correct
14 Mr T
92%
19 Triple H
92%
11 | 19 Shawn Michaels
83%
93 Andre the giant
75%
13 | 19 Booker T
75%
22 The Undertaker
75%
06 | 19 Bret Hart
58%
05 | 20 Hulk Hogan
58%
21 Kane
58%
19 Chyna
50%
06 Eddie Guerrero
50%
12 Edge
50%
09 Stone Cold Steve Austin
50%
05 Jimmy Hart
42%
19 The Road Dogg
42%
14 Ultimate Warrior
42%
19 Billy Gunn
33%
18 Goldberg
33%
04 Greg Valentine
33%
18 Hillbilly Jim
33%
19 Honkytonk Man
33%
94 James Dudley
33%
07 Jerry Lawler
33%
11 Jim Duggan
33%
96 Jimmy Snuka
33%
20 John Bradshaw Layfield
33%
04 Junkyard Dog
33%
13 Mick Foley
33%
96 Pat Patterson
33%
15 Randy Savage
33%
08 Ric Flair
33%
15 Rikishi
33%
08 Rocky Johnson
33%
16 Snoop Dogg
33%
19 Stevie Ray
33%
10 Stu Hart
33%
11 Sunny
33%
19 Torrie Wilson
33%
19 | 20 Xpac
33%
12 Yokozuna
33%
11 Abdullah The Butcher
25%
16 Big Bossman
25%
04 Big John Studd
25%
13 Bob Backlund
25%
04 Bobby Heenan
25%
05 Bob Orton
25%
20 British Bulldog
25%
13 Bruno Sammartino
25%
19 Brutus Beefcake
25%
16 Buddy Roberts
25%
94 Buddy rogers
25%
17 Diamond Dallas Page
25%
13 Donald Trump
25%
07 Dusty Rhodes
25%
06 Gene Okerlund
25%
18 Ivory
25%
16 Jacqueline
25%
14 Jake Roberts
25%
18 Jeff Jarrett
25%
04 Jesse Ventura
25%
07 Jim Ross
25%
15 | 20 Kevin Nash
25%
17 Kurt Angle
25%
14 Lita
25%
18 Mark Henry
25%
12 Mike Tyson
25%
21 Molly Holly
25%
05 Paul Orndorff
25%
95 Pedro Morales
25%
09 Ricky Steamboat
25%
21 Rob Van Dam
25%
05 Roddy Piper
25%
12 Ron Simmons
25%
14 | 20 Scott Hall
25%
04 Sgt Slaughter
25%
Warrior award Shad Gaspard
25%
22 Steiner Brothers
25%
Sting
25%
10 Ted Dibiase
25%
21 The Great Khali
25%
07 The Wild Samoans
25%
04 Tito Santana
25%
06 Tony Atlas
25%
13 Trish Stratus
25%
22 Vader
25%
96 Vincent Mcmahon
25%
10 Antonio Inoki
17%
17 Beth Phoenix
17%
04 Billy Graham
17%
20 Brie Bella
17%
11 Drew Carey
17%
18 Dudley Boyz
17%
08 Eddie Graham
17%
21 Eric Bischoff
17%
95 Fabulous Moolah
17%
95 George Steele
17%
08 Gerald Brisco
17%
94 Gorrilla Monsoon
17%
04 Harley Race
17%
09 Howard Finkel
17%
08 Jack Brisco
17%
19 Jim Neidhart
17%
96 Killer Kowalski
17%
08 Mae Young
17%
10 Maurice Vachon
17%
07 Mr Fuji
17%
20 Nikki Bella
17%
05 Nikolai Volkoff
17%
14 Paul Bearer
17%
22 Queen Sharmell
17%
17 Rick Rude
17%
15 The Bushwackers
17%
09 The Funks
17%
09 The Von Erichs
17%
Warrior award Titus O'neil
17%
15 Arnold Schwarzenegger
8%
94 Bobo brazil
8%
10 Bob Uecker
8%
14 Carlos Colón
8%
Warrior award Connor Michalek
8%
07 Curt Hennig
8%
04 Don Muraco
8%
Warrior award Eric Legrand
8%
94 Freddie Blassie
8%
95 Grand Wizard
8%
Warrior award John Lunden
8%
20 Jushin Liger
8%
09 Koko B Ware
8%
15 Larry Zbyszko
8%
11 Legion Of Doom
8%
96 Lou Albano
8%
16 Michael Hayes
8%
12 Mil Máscaras
8%
07 Nick Bockwinkel
8%
04 Pete Rose
8%
06 Sherri Martel
8%
16 Stan Hansen
8%
15 Tatsumi Fujinami
8%
06 The Blackjacks
8%
05 The Iron Shiek
8%
17 Theodore Long
8%
07 The Shiek
8%
96 The Valiant Brothers
8%
06 Verne Gagne
8%
10 Wendi Richter
8%
06 William Perry
8%
95 Antonino Rocco
0%
94 Arnold skaaland
0%
09 Bill Watts
0%
11 Bob Armstrong
0%
16 Charles Wright
0%
94 Chief Jay strongbow
0%
15 Debra Miceli
0%
95 Ernie Ladd
0%
12 Four Horseman
0%
08 Gordon Solie
0%
10 Gorgeous George
0%
95 Ivan Putski
0%
Warrior award Jarrius Robertson
0%
16 Jimmy Garvin
0%
96 Johnny Rodz
0%
18 Kid Rock
0%
96 Mikel Scicluna
0%
11 Paul Ellering
0%
08 Peter Maivia
0%
Warrior award Rich Hering
0%
17 Ricky Morton
0%
17 Robert Gibson
0%
Warrior award Sue Aitchison
0%
16 Terry Gordy
0%
No matching quizzes found
Score Distribution
Percent of People with Each Score
Percentile by Number Answered
Your Score History
You have not taken this quiz